|
|
|
|
| LEADER |
01346nam a2200361 a 4500 |
| 001 |
EBC179884 |
| 003 |
MiAaPQ |
| 005 |
20200520144314.0 |
| 006 |
m o d | |
| 007 |
cr cn||||||||| |
| 008 |
050913r20021994enka sb 001 0 eng |
| 010 |
|
|
|z 93043156
|
| 020 |
|
|
|z 0203072677
|
| 020 |
|
|
|z 0415111021
|
| 035 |
|
|
|a (MiAaPQ)EBC179884
|
| 035 |
|
|
|a (Au-PeEL)EBL179884
|
| 035 |
|
|
|a (CaPaEBR)ebr10070609
|
| 035 |
|
|
|a (CaONFJC)MIL32879
|
| 035 |
|
|
|a (OCoLC)264511134
|
| 040 |
|
|
|a MiAaPQ
|c MiAaPQ
|d MiAaPQ
|
| 050 |
|
4 |
|a HD3616.K853
|b R48 2002
|
| 082 |
0 |
4 |
|a 338.95195
|2 20
|
| 100 |
1 |
|
|a Rhee, Jong-Chan,
|d 1957-
|
| 245 |
1 |
4 |
|a The state and industry in South Korea
|h [electronic resource] :
|b the limits of the authoritarian state /
|c Jong-Chan Rhee.
|
| 260 |
|
|
|a London ;
|a New York :
|b Routledge,
|c 2002.
|
| 300 |
|
|
|a xiii, 289 p. :
|b ill.
|
| 504 |
|
|
|a Includes bibliographical references (p. [245]-277) and index.
|
| 533 |
|
|
|a Electronic reproduction. Ann Arbor, MI : ProQuest, 2015. Available via World Wide Web. Access may be limited to ProQuest affiliated libraries.
|
| 650 |
|
0 |
|a Industrial policy
|z Korea (South)
|
| 651 |
|
0 |
|a Korea (South)
|x Economic policy.
|
| 655 |
|
4 |
|a Electronic books.
|
| 710 |
2 |
|
|a ProQuest (Firm)
|
| 856 |
4 |
0 |
|u https://ebookcentral.proquest.com/lib/matrademy/detail.action?docID=179884
|z Click to View
|